000 00654nam a2200217Ii 4500
003 JO-AjNU
008 230606s9999||||xx |||||||||||||| ||und||
020 _a0-03-097391-0
040 _aJO-AjNU
_beng
_erda
_cJO-AjNU
041 _aeng
050 1 4 _aHF5635 1993
100 3 _aPosey, Imogene A,
_eauthor
_93090
245 0 0 _aStudy guide to accompany Principles of accounting
250 _a6th ed
264 3 1 _aUnited States of america: The Dryden press,1993
300 _avol,1:349p
_bchapters 1-16
336 _atext
_btxt
_2rdacontent
337 _aunmediated
_bn
_2rdamedia
338 _avolume
_bnc
_2rdacarrier
650 4 _aAccounting
_93091
999 _aE1620
_c1620
_d1620